000 00287nam a22001337a 4500
008 170627b xxu||||| |||| 00| 0 eng d
020 _a9780697086167
041 _aeng
080 _29TH
_a05
100 _a21
101 _aGJL
245 _aVOICE& DICTION
_cMAYER,L.V
942 _2udc
_cBK
999 _c19272
_d19272